Priame zahraničné investície na Slovensku a komparácia s vybranými krajinami dizertačná práca

Salvato in:
Dettagli Bibliografici
Autore principale: Čornejová Aradyová, Andrea
Ente Autore: Ekonomická univerzita v Bratislave. Národohospodárska fakulta
Altri autori: Táncošová, Judita
Natura: Libro
Lingua:slovacco
Pubblicazione: Bratislava 2008
Soggetti:
Tags: Aggiungi Tag
Nessun Tag, puoi essere il primo ad aggiungerne!!

MARC

LEADER 00000nam$a2200000$$$4500
001 0075912
005 20221207101247.8
041 0 |a slo 
044 |a SK 
245 1 0 |a Priame zahraničné investície na Slovensku a komparácia s vybranými krajinami  |b dizertačná práca  |c Andrea Čornejová Aradyová ; škol. Judita Táncošová 
264 1 |a Bratislava  |c 2008 
300 |a 146 s. 
610 2 0 |a Slovensko 
610 2 0 |a Česko 
610 2 0 |a Maďarsko 
610 2 0 |a Slovinsko 
610 2 0 |a Poľsko 
100 1 |a Čornejová Aradyová, Andrea 
700 1 |a Táncošová, Judita 
710 2 |a Ekonomická univerzita v Bratislave. Národohospodárska fakulta